| 000 | 00710nam a2200193 a 4500 | ||
|---|---|---|---|
| 001 | BRCA_5471 | ||
| 005 | 20190320205107.0 | ||
| 008 | 130111s2007----mx-a######---#000-0#spa-# | ||
| 041 | _aspa | ||
| 044 | _amx | ||
| 050 | 4 |
_aN6559.R5 _b.D54 2007 |
|
| 245 | 1 | 0 |
_aDiego Rivera gráfico hipergráfico _bguía general. |
| 260 |
_aMeìxico _bMuseo Nacional de Arte _c[2007] |
||
| 300 |
_a80 p. _bil. (algunas a color) _c18 cm. |
||
| 500 | _aDiego Rivera, 1886-1957, 2007, Homenaje Nacional, exposición realizada en el Museo Nacional de Arte (Ciudad de México), 28 noviembre, 2007 - 24 febrero, 2008 | ||
| 600 | 1 | 4 |
_aRivera, Diego _d1886-1957 _91330 |
| 710 | 2 |
_aMuseo Nacional de Arte (México) _9114 |
|
| 942 |
_2lcc _cB |
||
| 999 |
_c5165 _d5165 |
||